00848nam a22002057a 450000500170000000800410001702000180005804000070007604100080008308200220009110000180011324500170013125000130014826000370016130000300019836500730022852002870030165000260058870000280061420240220124208.0240209b ||||| |||| 00| 0 eng d a9781319498504 cAL aeng 223a574.192bBERB aJeremy M Berg aBiochemistry a10th ed. aAustinbMacmillan Learningc2023 axxxvi,144p.bPBc28x20cm. 2GeneralaKBI/23-24/214b₹6104.00c₹d₹8138.90e25%f18/01/2024 aBiochemistry in space and time; Protein composition and structure; Binding and molecular recognition;protein methods;Enzymes:core concepts and kinetics; Enzyme catalytic Strategies; enzyme regulatory strategies. DNA, RNA and the flow of genetic information. Nucleic acid methods.bb 2BiochemistryaBiology aGatto, Gregory J; et.al